zpět

Detail výsledku týmu

Na Kovárně, Nový Hrádek

Datum a čas kvízu

41.5 Celkem bodů Celkový počet nahraných bodů na tomto kvízu bez doplňovacích otázek.
1. Pořadí na kvízu Konečné umístění týmu na tomto kvízu.

Zaznamenané odpovědi

# Otázka Odpověď Body Výsledky
1. V pondělí se konal ustavující... GEN 1
2. Oblíbená turistická atrakce, 6... v Krakově 1
3. Ministerstvo kultury učinilo d... C) česká pivní kultura 1
4. Jistý internetový portál nabíz... Seznam.cz 1
5. O víkendu proběhly v Ostravě k... (Jižní) Korea, Tomáš Berdych 1
6. Začneme největšími společnými... Poupata 1
7. Tento taneční fitness program... zumba 1
8. Cvičení na tomto „půlmíči“ je... BOSU 1
9. Jógu, přesněji řečeno hatha jó... ásany 1
10. Jak se jmenuje tato 55letá žen... Olga Studničková (Šípková) 1